Conflict in the borderlands /
Tallennettuna:
| Päätekijä: | |
|---|---|
| Muut tekijät: | |
| Aineistotyyppi: | Teksti |
| Aiheet: | |
| Tagit: |
Lisää tagi
Ei tageja, Lisää ensimmäinen tagi!
|
MARC
| LEADER | 00000 a a2200000 04500 | ||
|---|---|---|---|
| 001 | 10021 | ||
| 003 | |||
| 040 | |||
| 100 | |a García, María Rosa | ||
| 245 | |a Conflict in the borderlands / |c María Rosa García ; Helen Ingram | ||
| 650 | |a RECURSOS HIDRICOS | ||
| 650 | |a AGUA | ||
| 650 | |a DERECHOS SOBRE LAS AGUAS | ||
| 650 | |a CONFLICTOS | ||
| 650 | |a FRONTERAS | ||
| 650 | |a MEXICO | ||
| 650 | |a ESTADOS UNIDOS | ||
| 700 | |a Ingram, Helen | ||
| 773 | |g volumen 38, número 1; páginas 19-24 | ||
| 999 | |c 29452 |d 29452 | ||
